000 00850cam a22001814a 4500
005 20250605164349.0
008 250528s ||||||||||||||||||||||||d
035 _a24053
040 _aGR-AtMCL
_bgre
_dGR-AtMCL
_eAACR2
245 1 _aIndustrial Am: The Future is Now / Additive Companies Run us Through the Company's History and Vision for the Future
260 _bBpa Worldwide,
_c2019
300 _a102
520 _aIndustrial Am: The Future is Now, Aligner Start-Ups Show Their Teeth, Ceramic 3D Printing, News, TCT Shenzhen, Fortifying Injection Mould Tools, One Shot Story, What is Washout Tooling?, Industry Shipments Report, Grey Matters, News and Reviews and Interviews, Additive Commitment, 3D Printing at Schubert, What is Industrial Grade?.
700 1 _aGriffiths Laura
_99377
942 _cCR
999 _c8953
_d8953